000 00809nam a2200241Ia 4500
001 dia_2260
003 CHAP
005 20230620143417.0
008 220117s1978 xx 000 0 und d
010 _a172779
040 _cCHAP
082 _a641.36 M4
110 _aMéxico. Dirección General de Educación Tecnológica Agropecuaria.
_976981
245 _aTaller de Carne /
_c por la Dirección General de Educación Tecnológica Agropecuaria. México.
260 _aMéxico :
_b Dirección General de Educación Tecnológica Agropecuaria,
_c1978
300 _a81 p.
410 _aSERIE DE MANUALES PARA LA EDUCACIÓN AGROPECUARIA
650 0 _aCarne
_9149462
901 _a641.36 M4
902 _aM
905 _a0000001978 MEXA 0000000000ESP00
942 _cLIBRO
_2ddc
999 _c172779
_d172779